Statistics for Dog Breeds By Picture (Extreme)

Click here to take the quiz!

General Stats

  • This quiz has been taken 19 times
  • The average score is 4 of 12

Answer Stats

Answer% Correct
Sloughi
69%
Irish Red And White Setter
54%
Irish Water Spaniel
54%
Cesky Terrier
46%
Finnish Lapphund
46%
Bergamasco
38%
Boerboel
31%
Kuvasz
31%
Lakeland Terrier
31%
Nederlandse Kooikerhondje
15%
Polish Lowland Sheepdog
15%
Portuguese Podengo Pequeno
8%

Score Distribution

Percentile by Number Answered

Percent of People with Each Score

Your Score History

You have not taken this quiz